The law of land acquisition and compensation
| Main Author: | |
|---|---|
| Format: | Book |
| Published: |
Delhi :
Eastern Book ,
1978
|
| Edition: | Vol.1, 6th ed. |
| Subjects: |
MARC
| LEADER | 00000cam a2200000 7i4500 | ||
|---|---|---|---|
| 001 | 0000001582 | ||
| 005 | 20210105.0 | ||
| 040 | |a INS | ||
| 090 | 0 | 0 | |a KNS2544 |b R36 1978 |
| 100 | 1 | |a V. G. Ramachandran | |
| 245 | 1 | 4 | |a The law of land acquisition and compensation |c V. G. Ramachandran |
| 250 | |a Vol.1, 6th ed. | ||
| 260 | |a Delhi : |b Eastern Book , |c 1978 | ||
| 300 | |a xxiv, 958p. ; |c 23 cm. | ||
| 650 | 0 | 0 | |a Land subdivision |x Law and legislation |
| 999 | |a 0000001225 |b BOOK |c Reference |e Default branch | ||